Statistics for Top 20 Wide Receivers in NFL History

Click here to take the quiz!

General Stats

  • This quiz has been taken 94 times
  • The average score is 12 of 18

Answer Stats

TeamPlayer% Correct
SFJerry Rice
99%
MINRandy Moss
99%
ARILarry Fitzgerald
92%
INDMarvin Harrison
84%
SFTerrell Owens
79%
SEASteve Largent
77%
MINCris Carter
74%
HOUAndre Johnson
73%
DALMichael Irvin
72%
OAKTim Brown
69%
BUFAndre Reed
66%
CARSteve Smith
65%
LARIsaac Bruce
55%
GBDon Hutson
48%
LACLance Alworth
42%
WASArt Monk
37%
INDRaymond Berry
27%
OAKFred Biletnikoff
23%

Score Distribution

Percentile by Number Answered

Percent of People with Each Score

Your Score History

You have not taken this quiz